Statistics for Countries States Capitals Elements Words - ending with D

Click here to take the quiz!

General Stats

  • This quiz has been taken 111 times
  • The average score is 12 of 24

Answer Stats

ANSWER % Correct
Finland
88%
Ireland
78%
Iceland
78%
Poland
78%
Switzerland
70%
Baghdad
70%
Thailand
70%
Maryland
65%
New Zealand
65%
And
58%
Chad
53%
Madrid
50%
Islamabad
48%
Gold
48%
Lead
45%
Rhode Island
45%
Good
35%
Could
30%
Would
28%
Ngerulmud
25%
Hartford
23%
Richmond
20%
Springfield
18%
Concord
18%

Score Distribution

Percentile by Number Answered

Percent of People with Each Score

Your Score History

You have not taken this quiz